• 首页
  • 本馆介绍
  • 公告通知
  • 最新文献
  • 馆藏检索
  • 电子资源
  • 读者导购
  • 参考咨询
  • 我的图书馆
  • 登录
  • 详细信息显示
  • 放入我的书架
  • 预约/预借图书
  • 作者相关作品
  • 分类相关作品
  • 丛书相关作品
  • 出版社相关作品

书目信息

  • 表格格式
  • 工作单格式
  • 卡片格式
题名:
土地资源遥感监测与评价方法
    
 
作者: 王静 著
分册:  
出版信息: 北京   科学出版社  2006
页数: 13,361页
开本: 27cm
丛书名:
单 册:
中图分类: F301.2 , F301.3
科图分类:
主题词: 遥感地面调查--应用--土地资源--监测--研究 , 土地评价--方法--研究
电子资源:
ISBN: 7-03-017606-5
000 01083nam0 2200289 450
001 012004086128
005 20070805081546.95
009 012004086128
010    @a7-03-017606-5@b精装@dCNY68.00
035    @a(110019)012006112058
100    @a20061101d2006 em y0chiy0110 ea
101 0  @achi
102    @aCN@b110000
105    @aa z 000yy
106    @ar
200 1  @a土地资源遥感监测与评价方法@Atu di zi yuan yao gan jian ce yu ping jia fang fa@f王静等著@Fwang jing deng zhu
210    @a北京@c科学出版社@d2006
215    @a13,361页@c彩图@d27cm
300    @a土地利用重点实验室系列成果 国家自然科学基金项目(40271007) 国土资源部“百人计划”联合资助
330    @a本书全面系统地论述了土地资源遥感监测与评价方法的理论基础和研究方法及应用案例,开展了土地利用/覆被分类体系、土地退化监测与评价指标体系和土地资源可持续利用评价指标体系的研究等。
606 0  @a遥感地面调查@x应用@x土地资源@x监测@x研究
606 0  @a土地评价@x方法@x研究
690    @aF301.2@v4
690    @aF301.3@v4
701  0 @a王静@Awang jing@4著
801  0 @aCN@b110019@c20070805
905    @dF301.2@e27@f4
    
    土地资源遥感监测与评价方法/王静等著.-北京:科学出版社,2006
    13,361页:彩图;27cm
    土地利用重点实验室系列成果 国家自然科学基金项目(40271007) 国土资源部“百人计划”联合资助
    
    ISBN 7-03-017606-5(精装):CNY68.00
    本书全面系统地论述了土地资源遥感监测与评价方法的理论基础和研究方法及应用案例,开展了土地利用/覆被分类体系、土地退化监测与评价指标体系和土地资源可持续利用评价指标体系的研究等。
●
相关链接 在E读中查询图书 在五车中查询图书 在当当中查询图书 在豆瓣中查询图书


正题名:土地资源遥感监测与评价方法     索取号:F301.2/27         预约/预借

序号 登录号 条形码 馆藏地/架位号 状态 备注
1 0851894   208518941   第一样本阅览室/ [索取号:F301.2/27] 在馆    
2 0851895   208518950   第一借阅区/ [索取号:F301.2/27] 在馆    
3 0851896   208518969   第一借阅区/ [索取号:F301.2/27] 在馆    
4 0851897   208518978   第一借阅区/ [索取号:F301.2/27] 在馆    
唐山师范学院图书馆 欢迎您!
大连网信软件有限公司© 版权所有